Hikayat Nabi Sulaiman : Transliterasi dari manuskrip melayu lama.

Bibliographic Details
Corporate Author: Perpustakaan Negara Malaysia
Format: Book
Published: Kuala Lumpur: Perpustakaan Negara Malaysia, 2006.
Subjects:
LEADER 00581cam a2200193 7i4500
001 0000038374
005 20151104090000.0
005 ##20151104145500.0
003 ##MY-KlINT
020 # # |a 9679312003  
039 # 9 |y 201511041455  |z VLOAD 
040 # # |a INTAN SARAWAK 
090 0 0 |a 398.2 PNM   |b 2006 
110 0 # |a Perpustakaan Negara Malaysia(:  |c Kuala Lumpur) 
245 0 0 |a Hikayat Nabi Sulaiman :   |b Transliterasi dari manuskrip melayu lama. 
260 # # |a Kuala Lumpur:   |b Perpustakaan Negara Malaysia,   |c 2006. 
300 # # |a xi:   |b 119ms;   |c 23sm. 
650 # 0 |a Manuscripts, Malay  
650 # 0 |a Folk Literature